<?xml version="1.0" encoding="UTF-8"?>
<record
    xmlns:xsi="http://www.w3.org/2001/XMLSchema-instance"
    xsi:schemaLocation="http://www.loc.gov/MARC21/slim http://www.loc.gov/standards/marcxml/schema/MARC21slim.xsd"
    xmlns="http://www.loc.gov/MARC21/slim">

  <leader>01824njm a2200373Ia 4500</leader>
  <controlfield tag="001">24249</controlfield>
  <controlfield tag="003">IT-RoPAU</controlfield>
  <controlfield tag="005">20220918181134.0</controlfield>
  <controlfield tag="008">131025s9999    xx            000 0 und d</controlfield>
  <datafield tag="040" ind1=" " ind2=" ">
    <subfield code="a">IT-RoPAU</subfield>
  </datafield>
  <datafield tag="040" ind1=" " ind2=" ">
    <subfield code="c">IT-RoPAU</subfield>
  </datafield>
  <datafield tag="999" ind1=" " ind2=" ">
    <subfield code="c">100816</subfield>
    <subfield code="d">100816</subfield>
  </datafield>
  <datafield tag="999" ind1=" " ind2=" ">
    <subfield code="b">n.d.</subfield>
  </datafield>
  <datafield tag="100" ind1=" " ind2=" ">
    <subfield code="a">Oldfield Mike</subfield>
    <subfield code="9">9697</subfield>
  </datafield>
  <datafield tag="100" ind1=" " ind2=" ">
    <subfield code="e">Autore musica</subfield>
    <subfield code="9">9698</subfield>
  </datafield>
  <datafield tag="100" ind1=" " ind2=" ">
    <subfield code="g">Codice autore musica SPICS: 8107</subfield>
    <subfield code="9">9699</subfield>
  </datafield>
  <datafield tag="245" ind1=" " ind2=" ">
    <subfield code="a">Music Wonderland</subfield>
  </datafield>
  <datafield tag="250" ind1=" " ind2=" ">
    <subfield code="a">1a ed.</subfield>
  </datafield>
  <datafield tag="260" ind1=" " ind2=" ">
    <subfield code="a">GERMANY</subfield>
  </datafield>
  <datafield tag="260" ind1=" " ind2=" ">
    <subfield code="b">VIRGIN RECORDS</subfield>
    <subfield code="c">1981 [1a Ed.:1981]</subfield>
  </datafield>
  <datafield tag="300" ind1=" " ind2=" ">
    <subfield code="a">DISCO</subfield>
  </datafield>
  <datafield tag="300" ind1=" " ind2=" ">
    <subfield code="c">51 minuti (Testo:  pag.)</subfield>
  </datafield>
  <datafield tag="500" ind1=" " ind2=" ">
    <subfield code="a">Musica strumentale. Musica pop.</subfield>
  </datafield>
  <datafield tag="505" ind1=" " ind2=" ">
    <subfield code="a">Portsmouth (2:00) - Sheba (4:00) - Blue Peter (3:00) - Extract From Tubular Bells (9:00) - Sailor's Hornpipe (2:00) - Punkadiddle (5:00) - Extract From Ommadawn (8:00) - On Horseback (4:00) - Guilty [(live) (4:00)] - North Star/Platinum finale (5:00) - Arrival (3:00) - Wonderful Land (4:00) - In dulci jubilo (3:00)</subfield>
  </datafield>
  <datafield tag="650" ind1=" " ind2=" ">
    <subfield code="a">STRUMENTALE [DISCHI]</subfield>
    <subfield code="e">Codice MATERIA SPICS: 9950</subfield>
    <subfield code="9">828</subfield>
  </datafield>
  <datafield tag="700" ind1=" " ind2=" ">
    <subfield code="a">Oldfield Mike</subfield>
    <subfield code="d">Codice interprete SPICS: 8107</subfield>
    <subfield code="e">Interprete</subfield>
    <subfield code="9">9700</subfield>
  </datafield>
  <datafield tag="700" ind1=" " ind2=" ">
    <subfield code="a">Anonimo</subfield>
    <subfield code="d">Codice autore musica SPICS: 2620</subfield>
    <subfield code="e">Autore musica</subfield>
    <subfield code="p">Portsmouth - Blue Peter - Sailor's Hornpipe</subfield>
    <subfield code="9">9701</subfield>
  </datafield>
  <datafield tag="700" ind1=" " ind2=" ">
    <subfield code="a">Murray A.</subfield>
    <subfield code="d">Codice autore SPICS: 18577</subfield>
    <subfield code="e">Autore</subfield>
    <subfield code="p">On Horseback</subfield>
    <subfield code="9">9702</subfield>
  </datafield>
  <datafield tag="700" ind1=" " ind2=" ">
    <subfield code="a">Glass Philip</subfield>
    <subfield code="d">Codice autore musica SPICS: 11482</subfield>
    <subfield code="e">Autore musica</subfield>
    <subfield code="p">North Star/Platinum finale</subfield>
    <subfield code="9">9703</subfield>
  </datafield>
  <datafield tag="700" ind1=" " ind2=" ">
    <subfield code="a">Anderson Benny</subfield>
    <subfield code="d">Codice autore musica SPICS: 18865</subfield>
    <subfield code="e">Autore musica</subfield>
    <subfield code="p">Arrival</subfield>
    <subfield code="9">9704</subfield>
  </datafield>
  <datafield tag="700" ind1=" " ind2=" ">
    <subfield code="a">Ulvaeus Bjorn</subfield>
    <subfield code="d">Codice autore SPICS: 27362</subfield>
    <subfield code="e">Autore</subfield>
    <subfield code="p">Arrival</subfield>
    <subfield code="9">9705</subfield>
  </datafield>
  <datafield tag="700" ind1=" " ind2=" ">
    <subfield code="a">Lordan Jerry</subfield>
    <subfield code="d">Codice autore musica SPICS: 27380</subfield>
    <subfield code="e">Autore musica</subfield>
    <subfield code="p">Wonderful Land</subfield>
    <subfield code="9">9706</subfield>
  </datafield>
  <datafield tag="700" ind1=" " ind2=" ">
    <subfield code="a">Pearsall R.L.</subfield>
    <subfield code="d">Codice autore musica SPICS: 27382</subfield>
    <subfield code="e">Autore musica</subfield>
    <subfield code="p">In dulci jubilo</subfield>
    <subfield code="9">9707</subfield>
  </datafield>
  <datafield tag="942" ind1=" " ind2=" ">
    <subfield code="c">MD</subfield>
    <subfield code="2">ddc</subfield>
  </datafield>
  <datafield tag="952" ind1=" " ind2=" ">
    <subfield code="0">0</subfield>
    <subfield code="1">0</subfield>
    <subfield code="4">0</subfield>
    <subfield code="6">24249_000000000000000</subfield>
    <subfield code="7">1</subfield>
    <subfield code="a">SPICS</subfield>
    <subfield code="b">SPICS</subfield>
    <subfield code="d">2013-10-25</subfield>
    <subfield code="l">0</subfield>
    <subfield code="o">24249</subfield>
    <subfield code="r">2013-10-25 00:00:00</subfield>
    <subfield code="w">2013-10-25</subfield>
    <subfield code="y">MD</subfield>
    <subfield code="z">Progr. Ins.: 5096 / N.Vol.: 1 / Copie: 1 - Copia rara: n.d. / date import: 01.01.2014 - By Epidotti, Trombetti, Vaglietti</subfield>
  </datafield>
</record>
